01048nam a2200241 i 450000100060000000300080000600500170001400800410003103500190007204000270009104100080011808200260012624501040015226000590025630000270031550400510034265000450039370000370043894200120047599900170048795201540050495201480065835150BD-RjUL20211209052253.0140521r19771975ii b 001 0 eng d a(BD-RjUL)35244 aDLCcDLCdBD-RjULbeng aeng00a305.420954bWOM 197700aWomen in contemporary India :btraditional images and changing roles /cedited by Alfred de Souza. aDelhi :bManohar Book Service,c1975 [Reprinted 1977]. axxvi, 264 p. ;c23 cm. aIncludes index and Bibliography: p. [253]-258. 0aWomenzIndiaxSocial conditions.91070371 aDe Souza, Alfred,d1930-9107038 2ddccBK c35150d35150 00102ddc40718NFICaRUCLbRUCLcReadingd1979-02-27eIndia Int. Calcatag55.00l0o305.420954 WOM 1977r2014-05-21 00:00:00tC-1w2014-05-21yBK 00102ddc40708NFICaRUCLbRUCLcStackd1978-09-29eIndia Interkolig55.00l0o305.420954 WOM 1975r2016-12-10 00:00:00tC-2w2021-12-09yBK